| 000 | 01134cam a2200241K 4500 | ||
|---|---|---|---|
| 003 | BD-RjUL | ||
| 005 | 20220111160559.0 | ||
| 008 | 220107s1941 ii 000 0 urd d | ||
| 035 | _a(BD-RjUL) | ||
| 040 |
_aCLU _beng _cCLU _dOCLCQ _dOCLCG |
||
| 041 | _aara | ||
| 082 |
_223 _a297.12542 _bNAS 1941 |
||
| 100 |
_a Muslim bin Al-Hajjaj Al-Qushayri ;; مسلم بن الحجاج القشيرى _9658 |
||
| 245 | 1 | 0 |
_aصحيح مسلم بشرح النووي ; مترجم ;; Saḥiḥ Muslim bi sharḥ al-Nawawī.[translated in urdu] _c Abu al-Husayn Muslim ibn al-Hajjaj al-Qushayri al-Nisaburi. Nawawi, ;; لأبى الحسين مسلم بن الحجاج القشيرى النيسابورى. نووي،, |
| 260 |
_a:ديوبند _cIshaq Siddiqi , _b1941 |
||
| 300 |
_aV. ; _c24 cm |
||
| 505 | _a.v-6-- | ||
| 505 | _a(R)kitab al- jikir , Dua wa Al-tawba wa al-Istigfar , rifaq , tawba , sifat al Munafiqin wa ahkamuhum ,sifat al-qiama wa al-zanazah wa al-nar , al zannat wa sifat nimuha wa ahluha.-- | ||
| 650 | 0 |
_aHadith. _9244266 |
|
| 650 | 7 |
_aHadith. _2fast _9244266 |
|
| 700 | 0 |
_aNawawī, _d1233-1277. _9634 |
|
| 942 |
_2ddc _cBK |
||
| 999 |
_c79155 _d79155 |
||